| 000 | 00987nam a22002417a 4500 | ||
|---|---|---|---|
| 999 |
_c18785 _d18785 |
||
| 003 | AR-CdUCM | ||
| 008 | 190225b ||||| |||| 00| 0 spa d | ||
| 040 |
_aMUNICIPALIDAD PROVINCIAL DEL CUSCO _cBIBLIOTECA MUNICIPAL DEL CUSCO |
||
| 082 |
_a434.2 / _bM12 |
||
| 100 |
_aMac-Lean y Esteños, Roberto _99576 |
||
| 245 | _aSociología del Perú / | ||
| 260 |
_aMéxico D.F. : _bInstituto de investigaciones sociales, _c1959. |
||
| 300 |
_a666 páginas ; _c22 cm. |
||
| 505 | _aContenido: Orígenes del hombre y de la cultura en el Perú -- El determinismo geográfico en la evolución social del Perú -- Clases sociales en la era precolombina -- Sociología indiana -- Una visión del Perú... | ||
| 650 |
_aNacionalidad _92435 |
||
| 650 |
_aEvolución Social _92436 |
||
| 650 |
_aClases sociales _92411 |
||
| 650 |
_aProducción _91785 |
||
| 650 |
_aRealidad Naconal _92437 |
||
| 710 |
_aUniversidad Autónoma de México _939585 |
||
| 942 |
_2ddc _cLIBROS |
||
| 945 |
_awnts _d2019-05-15 |
||